000 00514nam a2200169Ia 4500
008 110201s9999 xx 000 0 und d
082 _bB3067
_aP 28
100 _aपंडित राम
245 _aरंग उडून गेले
260 _bमंदार प्रकाशन
365 _b10
600 _aपंडित राम
630 _aरंग उडून गेले
700 _aपंडित राम
730 _aरंग उडून गेले
942 _cBOOK
999 _c829810
_d829807